Loghi delle compagnie aeree - Statistics

Statistiche generali
  • Questo quiz è stato fatto 942 volte
  • Il punteggio medio è 12 su 20
Statistiche sulle risposte
linea aerea % Corretto
Alitalia
93%
Air Canada
90%
Lufthansa
88%
Ryanair
85%
Swiss International
84%
Emirates
75%
KLM
72%
British Airways
67%
American Airlines
66%
Qantas
60%
Turkish Airlines
55%
South African Airways
54%
Thai Airways
53%
Aer Lingus
46%
Iberia
46%
Korean Air
44%
Air China
40%
Japan Airlines
37%
Southwest
24%
Air New Zealand
21%
Nessun quiz corrispondente trovato
Distribuzione punteggi
Percentuale di utenti per punteggio
Percentile per numero di risposta
I tuoi punteggi nel tempo
Non hai fatto questo quiz